French towns by photo - Statistics

General Stats
  • This quiz has been taken 10 times
  • The average score is 6 of 16
Answer Stats
Picture Answer % Correct
Cannes
90%
Le Mans
90%
Bayonne
70%
Carcassonne
70%
Colmar
50%
Lourdes
50%
Chamonix
40%
Arles
30%
Cherbourg
30%
Quimper
30%
St. Tropez
30%
Bayeux
20%
Antibes
10%
Boulogne-sur-Mer
10%
Calais
10%
Val d'Isere
10%
No matching quizzes found
Score Distribution
Percent of People with Each Score
Percentile by Number Answered
Your Score History
You have not taken this quiz